| 000 | 00437nam a2200157Ia 4500 | ||
|---|---|---|---|
| 008 | 230917s9999||||xx |||||||||||||| ||und|| | ||
| 040 |
_e29762 _aMAIN |
||
| 041 | _aEnglish | ||
| 082 | _a158.7 S39P | ||
| 100 | _aSchultz, Duane P | ||
| 245 | 0 | _aPsychology and work today: An introduction to industrial and organizational psychology | |
| 250 | _a7th ed. | ||
| 260 |
_aNew Jersey _bPrentice-Hall _c1998 |
||
| 300 | _a566 p. | ||
| 942 | _cBK | ||
| 999 |
_c92754 _d92754 |
||